[Event "European Blitz 2017"]
[Site "Katowice POL"]
[Date "2017.12.15"]
[Round "6.7"]
[White "Ragger, Markus"]
[Black "Gazik, Viktor"]
[Result "1-0"]
[WhiteTitle "GM"]
[BlackTitle "IM"]
[WhiteElo "2657"]
[BlackElo "2479"]
[WhiteFideId "1610856"]
[BlackFideId "14928752"]
[EventDate "2017.12.15"]
[EventType "swiss"]

1. e4 c5 2. Nf3 g6 3. d4 cxd4 4. Nxd4 Bg7 5. c4 Nc6 6. Be3 Nf6 7. Nc3 O-O 8. Be2
d6 9. O-O Nxd4 10. Bxd4 Be6 11. Qd3 Nd7 12. Bxg7 Kxg7 13. f4 f6 14. Rad1 Qb6+
15. Rf2 a5 16. Nb5 a4 17. Nd4 Bf7 18. Bg4 Nc5 19. Qe2 Qb4 20. Rc1 e5 21. Nb5
Rad8 22. h4 Be8 23. Nc3 Bf7 24. Nd5 Bxd5 25. exd5 f5 26. fxe5 fxg4 27. Rcf1 Qb6
28. Kh1 g3 29. Rf6 Nd7 30. Rxd6 Rxf1+ 31. Qxf1 Qf2 32. Qc1 Qc5 33. Qg5 Qxc4 34.
Qe7+ Kh6 35. Qg5+ Kg7 36. Qe7+ Kh6 37. Qg5+ Kg7 38. Qe7+ 1-0

[Event "European Blitz 2017"]
[Site "Katowice POL"]
[Date "2017.12.15"]
[Round "6.8"]
[White "Plat, Vojtech"]
[Black "Mitkov, Marjan"]
[Result "1-0"]
[WhiteTitle "GM"]
[BlackTitle "IM"]
[WhiteElo "2567"]
[BlackElo "2333"]
[WhiteFideId "325740"]
[BlackFideId "15000354"]
[EventDate "2017.12.15"]
[EventType "blitz"]

1. e4 e5 2. Nf3 Nc6 3. Bb5 a6 4. Ba4 Nf6 5. d4 exd4 6. O-O Be7 7. Re1 b5 8. e5
Ng4 9. Bb3 h5 10. h3 Nh6 11. Nxd4 Nxd4 12. Qxd4 Bb7 13. Qf4 g5 14. Qg3 Nf5 15.
Qd3 Nh4 16. Bd5 Bxd5 17. Qxd5 c6 18. Qe4 Qc7 19. a4 b4 20. Nd2 a5 21. Nc4 O-O
22. Qe2 f5 23. Qxh5 Rf7 24. Nd6 Rg7 25. Ne8 Rxe8 26. Qxe8+ Kh7 27. e6 d5 28. Be3
Qe5 29. Qh5+ Kg8 30. Bxg5 Nf3+ 31. Qxf3 1-0

[Event "European Blitz 2017"]
[Site "Katowice POL"]
[Date "2017.12.15"]
[Round "6.9"]
[White "Schulz, Karsten"]
[Black "Kovalenko, Igor"]
[Result "0-1"]
[WhiteTitle "FM"]
[BlackTitle "GM"]
[WhiteElo "2293"]
[BlackElo "2639"]
[WhiteFideId "4611446"]
[BlackFideId "14117908"]
[EventDate "2017.12.15"]
[EventType "blitz"]

1. Nf3 b6 2. g3 d5 3. Bg2 Bb7 4. b3 Nd7 5. c4 dxc4 6. bxc4 c5 7. Bb2 Ngf6 8. O-O
e6 9. d3 Be7 10. Nc3 O-O 11. Qc2 Rc8 12. Rab1 Qc7 13. Ba1 Rfe8 14. a4 a5 15.
Rfe1 Bc6 16. Nb5 Qb8 17. e4 Nf8 18. Ne5 Ba8 19. h3 N6d7 20. f4 Red8 21. Rf1 Nxe5
22. Bxe5 Qb7 23. Rbd1 Qd7 24. Kh2 Bc6 25. Bc3 f6 26. h4 Qe8 27. Ra1 Rd7 28. Rad1
Rcd8 29. Bh3 h5 30. Bg2 Ng6 31. Bf3 Nh8 32. Qe2 g6 33. f5 gxf5 34. Bxh5 Qf8 35.
exf5 e5 36. Bf3 Bxf3 37. Qxf3 Nf7 38. Rfe1 Qh6 39. Re4 Kh8 40. Rg4 Qh7 41. Rg6
Rg8 42. Qe4 Rdd8 43. Rf1 Ng5 44. Qe3 Nf7 45. Bd2 Rxg6 46. fxg6 Qxg6 47. Rf3 Nd6
48. Nxd6 Rxd6 49. Bc3 Kh7 50. Kh3 Bf8 51. g4 Bh6 52. Qe2 Bf4 53. h5 Qg5 54. Qe4+
Kh6 55. Qa8 Qg7 56. Qe4 Qg5 57. Qa8 Qg7 58. Qe4 Rd8 59. Be1 Rg8 60. Qf5 Qg5 61.
Qe6 Rf8 62. Bh4 Qg7 63. Qf5 Qh7 64. Qe6 Qg7 65. Qf5 Qh7 66. Qe6 Qg8 67. Qxb6 Qf7
68. Qd6 Kg7 69. Qc6 Rb8 70. Qe4 Rb1 71. Bg3 Bxg3 72. Rxg3 Rf1 73. g5 Qxh5+ 74.
Qh4 Rh1+ 0-1

[Event "European Blitz 2017"]
[Site "Katowice POL"]
[Date "2017.12.15"]
[Round "6.10"]
[White "Buhmann, Rainer"]
[Black "Ustianovich, Nazar"]
[Result "1-0"]
[WhiteTitle "GM"]
[BlackTitle "FM"]
[WhiteElo "2584"]
[BlackElo "2366"]
[WhiteFideId "4651340"]
[BlackFideId "14109778"]
[EventDate "2017.12.15"]
[EventType "blitz"]

1. Nf3 d5 2. d4 Nf6 3. c4 c6 4. e3 Bf5 5. Nc3 e6 6. Nh4 Be4 7. f3 Bg6 8. Qb3 Qc7
9. Bd2 Nbd7 10. cxd5 exd5 11. O-O-O Be7 12. Nxg6 hxg6 13. e4 dxe4 14. fxe4 Ng4
15. Bc4 O-O-O 16. Rhf1 f6 17. h3 Nh6 18. Kb1 Qb6 19. Be6 Qxb3 20. axb3 Bd6 21.
e5 Be7 22. Bf4 Nf5 23. d5 fxe5 24. Bxe5 Ne3 25. Rf7 Bf6 26. Bxf6 gxf6 27. Re1
Nxd5 28. Nxd5 cxd5 29. Rc1+ Kb8 30. Rxd7 Rxd7 31. Bxd7 Rd8 32. Bg4 a6 33. Kc2
Ka7 34. Kd3 Kb6 35. Kd4 Rd6 36. Bf3 Ka7 37. Bxd5 Rb6 38. Rc7 Rb4+ 39. Kc3 Rb5
40. Kc4 Kb8 41. Rf7 Rb6 42. b4 Rd6 43. Rxb7+ Kc8 44. Rg7 g5 45. Kc5 Rd8 46. Kc6
Kb8 47. Rg8 1-0

[Event "European Blitz 2017"]
[Site "Katowice POL"]
[Date "2017.12.15"]
[Round "6.11"]
[White "Sakalauskas, Vaidas"]
[Black "Georgiev, Kiril"]
[Result "0-1"]
[WhiteTitle "IM"]
[BlackTitle "GM"]
[WhiteElo "2351"]
[BlackElo "2623"]
[WhiteFideId "12800457"]
[BlackFideId "2900017"]
[EventDate "2017.12.15"]
[EventType "blitz"]

1. d4 Nf6 2. c4 e6 3. Nc3 Bb4 4. Qc2 b6 5. e4 c5 6. d5 exd5 7. exd5 Qe7+ 8. Be2
d6 9. Nf3 O-O 10. O-O Bxc3 11. bxc3 Bf5 12. Bd3 Bxd3 13. Qxd3 Nbd7 14. Bf4 Qe4
15. Qxe4 Nxe4 16. Rac1 Rfe8 17. Rfe1 h6 18. h4 Ndf6 19. Re2 Rad8 20. a4 Nh5 21.
Bh2 f5 22. a5 Kf7 23. axb6 axb6 24. Rb2 Rb8 25. Nd2 f4 26. f3 Nxd2 27. Rxd2 g5
28. hxg5 hxg5 29. Kf2 Ra8 30. Rb1 Ra6 31. g3 Kf6 32. gxf4 Nxf4 33. Bxf4 gxf4 34.
Rdb2 Re3 35. Rxb6 Ra2+ 36. Kg1 Ke5 37. R6b2 Rxb2 38. Rxb2 Rxf3 39. Rc2 Ke4 40.
Kg2 Rg3+ 41. Kf2 Kd3 42. Rc1 Kxc4 43. Re1 Rxc3 44. Re4+ 0-1

[Event "European Blitz 2017"]
[Site "Katowice POL"]
[Date "2017.12.15"]
[Round "6.12"]
[White "Fridman, Daniel"]
[Black "Mayans, Calvo, Mariano"]
[Result "1-0"]
[WhiteTitle "GM"]
[WhiteElo "2633"]
[BlackElo "2233"]
[WhiteFideId "11600454"]
[BlackFideId "2251426"]
[EventDate "2017.12.15"]
[EventType "blitz"]

1. Nf3 Nf6 2. c4 g6 3. g3 Bg7 4. Bg2 O-O 5. O-O c5 6. Nc3 Nc6 7. d4 cxd4 8. Nxd4
a6 9. c5 Qc7 10. Bg5 Nxd4 11. Qxd4 h6 12. Bf4 Qd8 13. Be5 Ne8 14. Nd5 d6 15.
cxd6 exd6 16. Bxg7 Nxg7 17. Rfd1 Qa5 18. b4 Qd8 19. Rac1 Kh8 20. Qf4 Qg5 21.
Qxg5 hxg5 22. Nb6 Rb8 23. Rxd6 Be6 24. a3 Nf5 25. Rd2 Rfd8 26. Rcd1 Rxd2 27.
Rxd2 Kg7 28. Be4 Ne7 29. Rc2 Nc8 30. Nxc8 Rxc8 31. Rxc8 Bxc8 32. f4 gxf4 33.
gxf4 Kf6 34. h4 Ke6 35. Kf2 Kd6 36. Ke3 a5 37. bxa5 Kc5 38. Bd3 Be6 39. Ke4 Kd6
40. Kd4 Kc6 41. e4 Kd6 42. f5 Ba2 43. fxg6 fxg6 44. e5+ 1-0

[Event "European Blitz 2017"]
[Site "Katowice POL"]
[Date "2017.12.15"]
[Round "6.13"]
[White "Berg, Klaus"]
[Black "Pavlidis, Antonios"]
[Result "0-1"]
[WhiteTitle "IM"]
[BlackTitle "GM"]
[WhiteElo "2323"]
[BlackElo "2539"]
[WhiteFideId "1400053"]
[BlackFideId "4212312"]
[EventDate "2017.12.15"]
[EventType "blitz"]

1. d4 Nf6 2. Nf3 g6 3. Bg5 Bg7 4. Nbd2 O-O 5. c3 d6 6. e4 c5 7. dxc5 dxc5 8. Be2
Nc6 9. O-O Qc7 10. a4 Nh5 11. Qc2 Nf4 12. Bc4 h6 13. Bh4 Bg4 14. h3 Bc8 15. Rfd1
b6 16. Bf1 Bb7 17. Nc4 Nh5 18. e5 g5 19. Bxg5 hxg5 20. Nxg5 f5 21. exf6 Nxf6 22.
Ne6 Qc8 23. Nxf8 Qxf8 24. Qg6 Qf7 25. Qf5 Rf8 26. Bd3 Qh5 27. Qe6+ Kh8 28. Be2
Qh4 29. g3 Qe4 30. Qxe4 Nxe4 31. Rd7 Ba8 32. Rf1 Bh6 33. g4 Bf4 34. Ne3 Ng5 35.
f3 Bxe3+ 0-1

[Event "European Blitz 2017"]
[Site "Katowice POL"]
[Date "2017.12.15"]
[Round "6.14"]
[White "Saric, Ante"]
[Black "Sadzikowski, Daniel"]
[Result "1-0"]
[WhiteTitle "GM"]
[BlackTitle "GM"]
[WhiteElo "2540"]
[BlackElo "2584"]
[WhiteFideId "14506254"]
[BlackFideId "1132253"]
[EventDate "2017.12.15"]
[EventType "blitz"]

1. Nf3 c5 2. c4 Nc6 3. d4 cxd4 4. Nxd4 Nf6 5. Nc3 e6 6. Bf4 d5 7. cxd5 Nxd5 8.
Nxc6 bxc6 9. Bd2 Be7 10. e4 Nxc3 11. Bxc3 Qxd1+ 12. Kxd1 O-O 13. Kc2 Rd8 14. Bc4
Kf8 15. Rhd1 Bb7 16. Ba5 Rxd1 17. Rxd1 Ke8 18. f3 g6 19. Rd3 Bc5 20. a3 Bb6 21.
Bb4 Rd8 22. Bd6 Rd7 23. e5 Bc7 24. Bxc7 Rxc7 25. b4 Rd7 26. Rxd7 Kxd7 27. Kc3
Kc7 28. a4 Kb6 29. a5+ Kc7 30. Kd4 Bc8 31. Kc5 Bd7 32. f4 Be8 33. g4 h6 34. h4
Bd7 35. Bb3 Be8 36. f5 gxf5 37. gxf5 exf5 38. Kd4 c5+ 39. Kxc5 f4 40. Bd5 Bd7
41. Bf3 Be6 42. b5 Ba2 43. b6+ axb6+ 44. axb6+ Kb8 45. Kd6 Bc4 46. Ke7 Kc8 47.
Kf6 Be6 48. Kg7 h5 49. Bxh5 Bd5 50. Be2 Kb7 51. h5 f3 52. Bf1 1-0

[Event "European Blitz 2017"]
[Site "Katowice POL"]
[Date "2017.12.15"]
[Round "6.16"]
[White "Ponkratov, Pavel"]
[Black "Kashtanov, Ruslan"]
[Result "1-0"]
[WhiteTitle "GM"]
[BlackTitle "IM"]
[WhiteElo "2613"]
[BlackElo "2376"]
[WhiteFideId "4157800"]
[BlackFideId "4124871"]
[EventDate "2017.12.15"]
[EventType "blitz"]

1. e4 c5 2. Nf3 Nc6 3. Bb5 Nf6 4. e5 Nd5 5. Nc3 Nc7 6. Bxc6 dxc6 7. h3 g6 8. d3
Bg7 9. O-O Ne6 10. Re1 Nd4 11. Ne4 b6 12. Bf4 h6 13. Nxd4 cxd4 14. h4 Be6 15.
Qd2 Qd5 16. a4 O-O-O 17. a5 b5 18. Qb4 g5 19. Bg3 gxh4 20. Bxh4 Bxe5 21. Qxe7
Rd7 22. Qc5 Rg8 23. f3 Rg6 24. Qxd5 Rxd5 25. Kf2 Bf4 26. b4 f5 27. Nc5 Be3+ 28.
Rxe3 dxe3+ 29. Kxe3 Rxg2 30. c3 Bf7 31. Kf4 Rc2 32. Bf6 Rg2 33. Re1 Rd6 34. Be5
Rd8 35. Bd4 Re8 36. Rh1 h5 37. a6 Reg8 38. Nb7 Kb8 39. Nd6 Bg6 40. Re1 Rd8 41.
Re7 Rxd6 42. Be5 Kc8 43. Bxd6 h4 44. Rc7+ Kd8 45. Rxa7 h3 46. Rb7 h2 47. Rb8+
Kd7 48. Rh8 Kxd6 49. a7 Ra2 50. Rxh2 Rxa7 51. Rh6 Rg7 52. Kg5 Kd5 53. Rxg6 Re7
54. Kf4 Re1 55. Rf6 Rc1 56. Rxf5+ Kd6 57. Rc5 Rd1 58. Ke3 Re1+ 59. Kd4 Rf1 60.
Rf5 Rh1 61. f4 Rh6 62. Rg5 Rh4 63. Ke4 Rh1 64. Rg6+ Kd7 65. Kd4 Rf1 66. Kc5 Rc1
67. Rd6+ Ke7 68. Rxc6 Rxc3+ 69. Kxb5 Rxd3 70. f5 Rf3 1-0

[Event "European Blitz 2017"]
[Site "Katowice POL"]
[Date "2017.12.15"]
[Round "6.18"]
[White "Bartel, Mateusz"]
[Black "Horton, Andrew P"]
[Result "0-1"]
[WhiteTitle "GM"]
[BlackTitle "FM"]
[WhiteElo "2609"]
[BlackElo "2397"]
[WhiteFideId "1112635"]
[BlackFideId "424269"]
[EventDate "2017.12.15"]
[EventType "blitz"]

1. e4 e5 2. Nf3 Nc6 3. Bb5 a6 4. Ba4 Nf6 5. d3 d6 6. c3 g6 7. h3 Bg7 8. Be3 Bd7
9. Nbd2 O-O 10. O-O h6 11. Re1 Nh5 12. d4 Re8 13. dxe5 Nxe5 14. Nxe5 dxe5 15.
Bxd7 Qxd7 16. Nb3 Qc6 17. Qf3 b6 18. Rad1 Rad8 19. Bc1 Nf6 20. Rxd8 Rxd8 21. Nd2
Nd7 22. Qe2 Nc5 23. Nf3 a5 24. Qc4 Rd6 25. Kf1 b5 26. Qe2 a4 27. Nh2 a3 28. b3
Nd3 29. Rd1 Qxc3 30. Bxa3 b4 31. Ng4 bxa3 32. Ne3 Nf4 33. Qb5 Rxd1+ 34. Nxd1
Qd3+ 35. Qxd3 Nxd3 36. Nc3 c6 37. Ke2 Nb4 38. Kd2 Bf8 0-1

[Event "European Blitz 2017"]
[Site "Katowice POL"]
[Date "2017.12.15"]
[Round "6.22"]
[White "Hracek, Zbynek"]
[Black "Janik, Igor"]
[Result "0-1"]
[WhiteTitle "GM"]
[BlackTitle "FM"]
[WhiteElo "2592"]
[BlackElo "2413"]
[WhiteFideId "300071"]
[BlackFideId "1159259"]
[EventDate "2017.12.15"]
[EventType "blitz"]

1. e4 c5 2. Nf3 Nc6 3. d4 cxd4 4. Nxd4 Nf6 5. Nc3 g6 6. Nxc6 bxc6 7. e5 Nh5 8.
Be2 Ng7 9. O-O Ne6 10. Bc4 Bg7 11. Bxe6 fxe6 12. Bf4 O-O 13. Bg3 Rf5 14. Re1 Qa5
15. Qe2 Rb8 16. Rab1 Ba6 17. Qe3 Rb7 18. b3 Qb6 19. Qd2 Qc7 20. Qe3 Qb6 21. Rbd1
Kf7 22. Na4 Qxe3 23. Rxe3 Rc7 24. Nc5 Bc8 25. h4 a5 26. f4 Ke8 27. Re4 Ra7 28.
Bf2 Ra8 29. g3 h6 30. Be3 g5 31. hxg5 hxg5 32. Ra4 gxf4 33. gxf4 Bh6 34. Kf2 Rb8
35. Kf3 Rb4 36. Rxb4 axb4 37. Rd4 d6 38. Nd3 c5 39. Rc4 Bb7+ 40. Kg3 Bd5 41. Kg4
Bxc4 42. bxc4 Kd7 43. Bc1 Rf8 44. a3 bxa3 45. Bxa3 Ra8 46. Bb2 Ra2 47. exd6 exd6
48. f5 exf5+ 49. Kxf5 Ra4 50. c3 Rxc4 51. Kg6 Bd2 52. Kf5 Bxc3 53. Bc1 Ba5 54.
Bf4 Bc7 55. Nf2 Kc6 56. Ng4 Bd8 57. Ne3 Ra4 58. Ng4 Ra7 59. Ke4 Re7+ 60. Kd3 Rf7
61. Be3 Kd5 62. Bd2 c4+ 63. Ke2 Bb6 64. Bc3 Kc6 65. Kd2 Rf4 66. Nf6 Rf2+ 67. Ke1
Rf3 68. Kd2 Ba5 69. Ne4 Bxc3+ 70. Nxc3 Rxc3 0-1

[Event "European Blitz 2017"]
[Site "Katowice POL"]
[Date "2017.12.15"]
[Round "6.23"]
[White "Tate, Alan"]
[Black "Alekseev, Evgeny"]
[Result "0-1"]
[WhiteTitle "FM"]
[BlackTitle "GM"]
[WhiteElo "2358"]
[BlackElo "2616"]
[WhiteFideId "2401878"]
[BlackFideId "4138147"]
[EventDate "2017.12.15"]
[EventType "blitz"]

1. e4 c5 2. Nf3 Nc6 3. Bb5 g6 4. O-O Bg7 5. Nc3 e5 6. d3 Nge7 7. Bg5 h6 8. Be3
d6 9. Qd2 f5 10. exf5 gxf5 11. g3 Be6 12. Nh4 f4 13. gxf4 Nd5 14. Ng2 Nxc3 15.
bxc3 Qa5 16. Bc4 d5 17. f5 Bf7 18. Bb3 O-O-O 19. c4 Qxd2 20. Bxd2 dxc4 21. Ba4
Nd4 22. Rfe1 b5 23. c3 Nf3+ 0-1

[Event "European Blitz 2017"]
[Site "Katowice POL"]
[Date "2017.12.15"]
[Round "6.24"]
[White "Zwardon, Vojtech"]
[Black "Kahleys, Kevin"]
[Result "1-0"]
[WhiteTitle "IM"]
[WhiteElo "2408"]
[BlackElo "2195"]
[WhiteFideId "325511"]
[BlackFideId "24669601"]
[EventDate "2017.12.15"]
[EventType "blitz"]

1. c4 c6 2. Nc3 d5 3. d4 e5 4. cxd5 cxd5 5. Nf3 e4 6. Ne5 Nc6 7. Nxc6 bxc6 8.
Bf4 Ba6 9. Qa4 Bb7 10. e3 Bd6 11. Ba6 Rb8 12. Bxb7 Rxb7 13. Qxc6+ Qd7 14. Qxd6
Rxb2 15. Qxd5 Ne7 16. Qa8+ Qd8 17. Qxd8+ Kxd8 18. Nxe4 Nd5 19. Bg3 f5 20. Nc5
Ke7 21. O-O g5 22. Be5 Rc8 23. Rab1 Rxb1 24. Rxb1 Nb6 25. a4 Kf7 26. a5 Nc4 27.
Rb7+ Kg6 28. Rg7+ Kh6 29. Re7 Nxa5 30. h4 gxh4 31. Ne6 Nc6 32. Bf4+ Kg6 33. Rb7
h6 34. d5 Nd8 35. Rxa7 Nf7 36. d6 Kf6 37. Rxf7+ Kxe6 38. Re7+ Kf6 39. Be5+ Kg6
40. d7 Rc1+ 41. Kh2 Rd1 42. Bd4 h3 43. d8=Q hxg2 44. Rg7+ Kh5 45. Qe8+ Kh4 46.
Bf6# 1-0

[Event "European Blitz 2017"]
[Site "Katowice POL"]
[Date "2017.12.15"]
[Round "6.25"]
[White "Reza, Wojciech"]
[Black "Dvirnyy, Danyyil"]
[Result "0-1"]
[BlackTitle "GM"]
[WhiteElo "2283"]
[BlackElo "2532"]
[WhiteFideId "1151967"]
[BlackFideId "817570"]
[EventDate "2017.12.15"]
[EventType "swiss"]

1. e4 c6 2. d4 d5 3. Nd2 dxe4 4. Nxe4 Bf5 5. Ng3 Bg6 6. Nh3 Nd7 7. Nf4 e5 8.
dxe5 Qa5+ 9. c3 Qxe5+ 10. Qe2 O-O-O 11. Be3 Bc5 12. Nxg6 hxg6 13. Bxc5 Qxc5 14.
O-O-O Ngf6 15. h3 Ne5 16. Rxd8+ Rxd8 17. Qc2 a5 18. Ne4 Nxe4 19. Qxe4 Qxf2 20.
Be2 Qf5 21. Qe3 Nd3+ 22. Bxd3 Rxd3 23. Qa7 Qf4+ 24. Kb1 Qe5 25. Qa8+ Kc7 26. Qf8
Rd7 27. a3 Qe4+ 28. Ka1 a4 29. Qxg7 Qe2 30. Rb1 Qxg2 31. Qe5+ Kc8 32. h4 Qd5 33.
Qf6 Qd6 34. Qg5 Kc7 35. Qa5+ Kb8 36. Qxa4 Qg3 37. Qe4 f5 38. Qe8+ Kc7 39. h5
gxh5 40. Qxh5 Qe5 41. Qf3 f4 42. Rf1 Rf7 43. Qd3 Qd5 44. Qxd5 cxd5 45. Kb1 Kd6
46. Kc2 Ke5 47. Kd3 Rg7 48. Re1+ Kf5 49. Kd4 Rg2 50. b4 Rd2+ 51. Kc5 f3 52. Rf1
f2 53. a4 Ke4 54. a5 Rc2 55. Kb6 Rxc3 56. Kxb7 Rb3 57. Kc6 Rxb4 58. Rxf2 Ra4 59.
Kb6 d4 60. a6 Ke3 61. Rf8 d3 62. a7 d2 63. Rd8 0-1

[Event "European Blitz 2017"]
[Site "Katowice POL"]
[Date "2017.12.15"]
[Round "6.26"]
[White "Goluch, Piotr"]
[Black "Bosiocic, Marin"]
[Result "0-1"]
[WhiteTitle "FM"]
[BlackTitle "GM"]
[WhiteElo "2308"]
[BlackElo "2624"]
[WhiteFideId "1137840"]
[BlackFideId "14507927"]
[EventDate "2017.12.15"]
[EventType "blitz"]

1. d4 d5 2. c4 e6 3. Nf3 a6 4. Qc2 Nf6 5. g3 dxc4 6. Qxc4 b5 7. Qc2 Bb7 8. Bg2
Nbd7 9. O-O c5 10. a4 b4 11. a5 Be7 12. Nbd2 O-O 13. Nc4 Rc8 14. Rd1 Bd5 15. b3
Qc7 16. dxc5 Nxc5 17. Bf4 Qb7 18. Nb6 Nxb3 19. Nxc8 Rxc8 20. Qb2 Nxa1 21. Rxa1
Ne4 22. Be5 Nc3 23. Bd4 f6 24. h3 e5 25. Bb6 Qc6 26. Ne1 Bxg2 27. Nxg2 Qc4 28.
Kf1 Nd5 29. Rd1 Kf7 30. Qd2 Nc3 31. Rc1 Rc6 32. Ne3 Qe4 33. f3 Qg6 34. Kg2 f5
35. Qd3 f4 36. Ng4 Qxd3 37. Nxe5+ Ke8 38. Nxd3 fxg3 39. Kxg3 Nxe2+ 0-1

[Event "European Blitz 2017"]
[Site "Katowice POL"]
[Date "2017.12.15"]
[Round "6.28"]
[White "Szalanczy, Emil"]
[Black "Mohr, Georg"]
[Result "0-1"]
[WhiteTitle "IM"]
[BlackTitle "GM"]
[WhiteElo "2201"]
[BlackElo "2473"]
[WhiteFideId "700347"]
[BlackFideId "14600013"]
[EventDate "2017.12.15"]
[EventType "blitz"]

1. e4 Nc6 2. Nf3 d6 3. d4 Nf6 4. Nc3 Bg4 5. Be3 e6 6. Be2 Be7 7. O-O O-O 8. Re1
a6 9. a4 Bh5 10. Qd2 Bg6 11. Bd3 Nb4 12. a5 Nxd3 13. cxd3 d5 14. e5 Nd7 15. Ne2
Bh5 16. Ng3 Bxf3 17. gxf3 c5 18. f4 g6 19. Kg2 Rc8 20. Rec1 cxd4 21. Bxd4 Nc5
22. Rc3 Rc6 23. Qe3 Nd7 24. Rb3 Qc7 25. Ne2 Rc8 26. Nc3 Bc5 27. Na4 Bxd4 28.
Qxd4 Rc2 29. Nc3 Nc5 30. Rb6 Rd2 31. Rd1 Rxd1 32. Nxd1 Nd7 33. Rb3 Qc2 34. Rc3
Rxc3 35. Nxc3 Qxb2 36. h4 Qa3 37. h5 Qc5 38. Qa4 Qc6 39. Qb4 d4+ 40. Ne4 gxh5
41. Qe7 h6 42. Kg3 Kg7 43. Nf6 Nxf6 44. Qxf6+ Kg8 45. Qxh6 Qc7 46. Qxh5 Qxa5 47.
Qg5+ Kf8 48. Qf6 Qc7 49. f5 exf5 50. f4 Ke8 51. Qxf5 Qd7 52. Qf6 Qe6 53. Qh8+
Kd7 54. Qb8 Kc6 55. Qa7 Qg6+ 56. Kh4 Qxd3 57. Kg5 Qg3+ 58. Kf5 Qg6# 0-1

[Event "European Blitz 2017"]
[Site "Katowice POL"]
[Date "2017.12.15"]
[Round "6.29"]
[White "Trent, Lawrence"]
[Black "Butkiewicz, Lukasz"]
[Result "0-1"]
[WhiteTitle "IM"]
[BlackTitle "IM"]
[WhiteElo "2436"]
[BlackElo "2453"]
[WhiteFideId "408638"]
[BlackFideId "1122428"]
[EventDate "2017.12.15"]
[EventType "blitz"]

1. d4 Nf6 2. Bg5 e6 3. e4 Be7 4. Nd2 d6 5. Bd3 Nbd7 6. c3 O-O 7. Ngf3 b6 8. O-O
Bb7 9. Qe2 h6 10. Bxf6 Bxf6 11. Ba6 Bxa6 12. Qxa6 c5 13. a4 Qc7 14. a5 Rfb8 15.
Nc4 Be7 16. axb6 Nxb6 17. Na3 d5 18. exd5 Nxd5 19. Qe2 Nf4 20. Qc2 c4 21. Ra2
Rb3 22. Ne5 Bxa3 23. Rxa3 Rxa3 24. bxa3 Rb8 25. Qa4 Nd5 26. Qxc4 Qxc4 27. Nxc4
Nxc3 28. h4 Ne2+ 29. Kh2 Nxd4 30. Rd1 Nc6 31. Rd7 Rb5 32. Rxf7 Kxf7 33. Nd6+ Kf6
34. Nxb5 Ke5 35. Kg3 a6 36. Nc7 a5 37. Kg4 g6 38. f4+ Kf6 39. h5 Nd4 40. Ne8+
Ke7 41. Nc7 Kf6 42. a4 Nf5 43. hxg6 Kxg6 44. Nxe6 Ne3+ 45. Kf3 Nd5 46. Nc5 h5
47. Ke4 Nc3+ 48. Kd3 Nd5 49. Ke4 Nf6+ 50. Ke5 Ng4+ 51. Ke6 Ne3 52. g3 Nf5 53.
Nb3 Nxg3 54. Nd2 h4 55. Nf3 h3 56. Ne5+ Kh5 57. Nf3 Kg4 58. Nh2+ Kxf4 59. Kd5
Nf5 60. Kc5 Kg3 61. Nf1+ Kg2 62. Nd2 h2 0-1

[Event "European Blitz 2017"]
[Site "Katowice POL"]
[Date "2017.12.15"]
[Round "6.31"]
[White "Sahidi, Samir"]
[Black "Moskalenko, Alexander"]
[Result "0-1"]
[WhiteTitle "FM"]
[BlackTitle "IM"]
[WhiteElo "2247"]
[BlackElo "2522"]
[WhiteFideId "14936372"]
[BlackFideId "4155351"]
[EventDate "2017.12.15"]
[EventType "blitz"]

1. d4 Nf6 2. Nc3 d5 3. Nf3 Bf5 4. e3 c6 5. Be2 Nbd7 6. O-O h6 7. b4 e6 8. a3 a5
9. b5 c5 10. Bb2 Be7 11. dxc5 Nxc5 12. Qd4 O-O 13. Rac1 Qc7 14. Na4 Rfd8 15.
Nxc5 Bxc5 16. Qh4 Ne4 17. c4 Be7 18. Qh5 Qd7 19. Ne5 Qe8 20. cxd5 Rxd5 21. Bc4
Rd2 22. Bd4 Bxa3 23. Rb1 Bf8 24. Nf3 Rxd4 25. Nxd4 Nf6 26. Qh4 Bxb1 27. Rxb1 a4
28. h3 Bc5 29. b6 a3 30. Nb5 Bxb6 31. Nxa3 Bxe3 32. Nb5 Bb6 33. Nd6 Qc6 34. Rd1
Rd8 35. Qg3 Bc7 36. Bb5 Qxb5 37. Qa3 Bxd6 38. Rxd6 Rxd6 39. Qxd6 Qe8 40. Qb6 Nd5
41. Qxb7 Qd8 42. Qb3 Qc7 43. g3 g6 44. Kg2 h5 45. Qf3 Qe5 0-1

[Event "European Blitz 2017"]
[Site "Katowice POL"]
[Date "2017.12.15"]
[Round "6.32"]
[White "Kovalev, Vladislav"]
[Black "Budrewicz, Krzysztof"]
[Result "1-0"]
[WhiteTitle "GM"]
[WhiteElo "2639"]
[BlackElo "2204"]
[WhiteFideId "13504398"]
[BlackFideId "1127950"]
[EventDate "2017.12.15"]
[EventType "blitz"]

1. d4 Nf6 2. Bf4 c5 3. d5 d6 4. Nc3 g6 5. Nf3 Bg7 6. e4 O-O 7. h3 Na6 8. Bc4 Nc7
9. a4 b6 10. O-O a6 11. e5 Nfe8 12. Re1 Rb8 13. Qe2 Bb7 14. Rad1 Ba8 15. Bxa6
Nxa6 16. Qxa6 Nc7 17. Qc4 Bb7 18. b3 Ba6 19. Qe4 Qd7 20. Qe3 b5 21. axb5 Nxb5
22. Ne4 Rb6 23. Bh6 Nc7 24. Bxg7 Kxg7 25. exd6 exd6 26. Qc3+ f6 27. g4 Nb5 28.
Qa1 Bc8 29. Nxf6 Rxf6 30. g5 1-0

[Event "European Blitz 2017"]
[Site "Katowice POL"]
[Date "2017.12.15"]
[Round "6.33"]
[White "Lavendelis, Egons"]
[Black "Tari, Aryan"]
[Result "0-1"]
[WhiteTitle "FM"]
[BlackTitle "GM"]
[WhiteElo "2278"]
[BlackElo "2593"]
[WhiteFideId "11601647"]
[BlackFideId "1510045"]
[EventDate "2017.12.15"]
[EventType "blitz"]

1. e4 e5 2. Nf3 Nc6 3. d4 exd4 4. Bc4 Nf6 5. e5 d5 6. Bb5 Ne4 7. Nxd4 Bd7 8.
Bxc6 Bxc6 9. O-O Bc5 10. Nxc6 bxc6 11. Nd2 Nxd2 12. Bxd2 O-O 13. c3 Qh4 14. Qf3
Rae8 15. Rae1 Re6 16. Be3 Bb6 17. Bxb6 axb6 18. Qg3 Qxg3 19. hxg3 Rfe8 20. f4 f6
21. Rf2 fxe5 22. fxe5 Rxe5 23. Rxe5 Rxe5 24. Rd2 Kf7 25. Kf2 Ke6 26. Rd4 c5 27.
Ra4 Rf5+ 28. Ke2 Ke5 29. Ra8 Rf7 30. Re8+ Kd6 31. Rd8+ Rd7 32. Rh8 h6 33. Rf8
Re7+ 34. Kd2 Ke5 35. Ke2 c4 36. Kd2 c5 37. Rb8 Re6 38. Rb7 Rg6 39. Ke1 Rxg3 40.
Rxb6 Rxg2 41. a4 Rg1+ 42. Kf2 Ra1 43. Ra6 d4 44. cxd4+ cxd4 45. Rg6 Rxa4 46.
Rxg7 Ra2 0-1

[Event "European Blitz 2017"]
[Site "Katowice POL"]
[Date "2017.12.15"]
[Round "6.34"]
[White "Lach, Aleksandra"]
[Black "Manik, Mikulas"]
[Result "0-1"]
[WhiteTitle "WIM"]
[BlackTitle "GM"]
[WhiteElo "2209"]
[BlackElo "2415"]
[WhiteFideId "1134299"]
[BlackFideId "14900734"]
[EventDate "2017.12.15"]
[EventType "blitz"]

1. e4 c5 2. Nf3 d6 3. d4 cxd4 4. Nxd4 Nf6 5. Nc3 a6 6. Bg5 Nbd7 7. Qe2 h6 8. Bh4
g6 9. O-O-O Bg7 10. f4 Qc7 11. Bg3 Nh5 12. f5 Nxg3 13. hxg3 Nf6 14. Qc4 Qxc4 15.
Bxc4 g5 16. Nf3 Ng4 17. Rhe1 b5 18. Bd5 Ra7 19. Bc6+ Kf8 20. Nd5 Ne5 21. Nxe5
Bxe5 22. g4 Kg7 23. Rh1 e6 24. f6+ Bxf6 25. Nxf6 Kxf6 26. Rxd6 Rc7 27. Ba8 Ke7
28. Rhd1 h5 29. gxh5 Rxh5 30. c3 g4 31. Kc2 b4 32. Kb3 bxc3 33. bxc3 Rb5+ 34.
Kc2 Rbc5 35. R1d3 Bd7 36. Rxa6 Bb5 0-1